| 000 | 02280nam a2200229Ia 4500 | ||
|---|---|---|---|
| 003 | Ost | ||
| 005 | 20260507075616.0 | ||
| 008 | 260507s9999||||xx |||||||||||||| ||und|| | ||
| 020 | _a9789961019382 | ||
| 040 | _cfsecg | ||
| 041 | _aara | ||
| 082 | _a658.421 | ||
| 100 |
_aأوكيل، سعيد _eمؤلف |
||
| 245 | 0 |
_aريادة الأعمال أو المقاولاتية : _bمقاربة شاملة وعملية / _c سعيد أوكيل |
|
| 260 |
_aالجزائر: _bديوان المطبوعات الجامعية, _c2017 |
||
| 300 |
_a164 صفحة؛ _bإيضاحات ؛ _c22 سم |
||
| 504 | _aالمراجع ص.155 | ||
| 520 | _aيعالج هذا الكتاب موضوع ريادة الأعمال أو المقاولاتية بجوانبه المختلفة و باللغة العربية .وهو يستهدف جميع الأفراد ذوي المواهب و الأفكار و منهم الشباب و الطلبة و الطالبات على مختلف المستويات ,و خاصة الذين في السنوات الأخيرة من الدراسة و كذا المتخرجين في مختلف التخصصات الاقتصادية و الادارية و التجارية و التسويقية و المالية و المحاسبية و دون استثناء تخصصات الهندسة و العلوم التكنولوجية المختلفة و باعتباره أستاذا متخصصا في مجال الابتكار و ريادة الاعمال قام هذا المؤلف بمعالجة الموضوع بطريقة تمكن القارئ من فهم موضوع ريادة الاعمال او المقاولاتية بل و إدراك اهميته بالنسبة للأفراد و الاقتصاد و المجتمع ,و بطريقة توضح و تحفز على تجسيد الافكار ميدانياو منه التحول الفرد من "باحث عن منصب شغل " الى "عارض لمناصب الشغل" و لقد اعتمد الكاتب اسلوبا بسيطا و مدعما بامثلة واقعية الى جانب الاقتراحات العملية او التطبيقية ,و كل ذلك وفق أحدث المعارف و افضل التطبيقات. | ||
| 653 | _aإدارة الأعمال | ||
| 653 | _aالمقاولات | ||
| 942 | _cكتاب | ||
| 999 |
_c45114 _d45114 |
||